Datum a čas kvízu
26.5
Celkem bodů
Celkový počet nahraných bodů na tomto kvízu bez doplňovacích otázek.
7.
Pořadí na kvízu
Konečné umístění týmu na tomto kvízu.
Zaznamenané odpovědi
| # | Otázka | Odpověď | Body | Výsledky |
|---|---|---|---|---|
| 1. | Minulé úterý jsme si mohli pov... | autismus, modrá barva | 1 | |
| 2. | Mezi Botswanou a jedním evrops... | o Německu | 1 | |
| 3. | V úterý začal vysílat v Česku... | Warner TV | 0 | |
| 4. | Český ministr zemědělství naří... | sbírat lesní klest | 1 | |
| 5. | V pondělí odpoledne bylo oznám... | Formule 1 | 1 | |
| 6. | Zobrazený anglický lékař roku... | William Harvey | 0 | |
| 7. | Kterým slovem na M se označuje... | menarche/menarché | 0 | |
| 8. | Vyberte pravdivé tvrzení: | D | 0 | |
| 9. | Hemofilie je geneticky podmíně... | Alexej; chromozom X | 0.5 | |
| 10. | Uveďte rodové jméno zvířete, p... | makak (makak rhesus) | 0 |